000 00677nam a2200253Ia 4500
003 OSt
005 20220918203537.0
006 a|||||r|||| 00| 0
007 ta
008 220917b |||||||| |||| 00| 0 eng d
024 _a108,899
037 _cTextual
040 _aARTS
_cARTS
_beng
041 _2eng
_aeng
082 _aV461.N60<-D, K9
100 _aGlubb John
_9109043
245 0 _aShort history of the Arab peoples
260 _aLondon
_bHodder and Stoughton UK
_c1969
300 _a318p. illus
_ccm.
500 _aBibliography p301-306
650 _aHISTORY
942 _hV461.N60<-D, K9
_cTEXL
_2CC
999 _c232253
_d232253